000 00610nam a2200193Ia 4500
999 _c38074
_d38074
005 20240530103256.0
008 140319s9999 xx 000 0 ara d
017 _bمصر. دار الكتب
040 _aGCL /
_cGCL
082 0 4 _a301.21
_bغ ث
_221
245 1 0 _aثقافة النظام العشوائى تكفير العقل وعقل التكفير
300 _a327 ص
650 0 4 _aالثقافة
_2qrmak
650 0 4 _aالتخلف الثقافى
_2qrmak
650 0 4 _aالوعى الاجتماعى
_2qrmak
650 0 4 _aالاخوان المسلمون
_2qrmak
651 _2qrmak
942 _2ddc
_cBK